INTRODUCTION TO CROP SCIENCE (Record no. 4626)

MARC details
000 -LEADER
fixed length control field 00432nam a22001697a 4500
008 - FIXED-LENGTH DATA ELEMENTS--GENERAL INFORMATION
fixed length control field 260317b |||||||| |||| 00| 0 eng d
020 ## - INTERNATIONAL STANDARD BOOK NUMBER
ISBN 9789785963823
100 ## - MAIN ENTRY--AUTHOR
Author OFUJA, T. I.
245 ## - TITLE STATEMENT
Title INTRODUCTION TO CROP SCIENCE
260 ## - PUBLICATION, DISTRIBUTION, ETC. (IMPRINT)
Place of publication JOS
Name of publisher JOS UNIVERSITY PRESS LIMITED
Date of publication 2022
300 ## - COLLATION
Pagination XII, 992P.
Other physical details ILL
650 ## - TRACINGS
Main Subject AGRICULTURE
700 ## - ADDITIONAL AUTHOR
Additional Author AMADOPHA A. C.
942 ## - ADDED ENTRY ELEMENTS (KOHA)
Item type Books
050 ## - LIBRARY OF CONGRESS CALL NUMBER
Classification number SB91
Item number .I38
Holdings
Source of classification or shelving scheme Not for loan Permanent location Current location Date acquired Accession No. Full call number Barcode. Copy number Koha item type
Library of Congress Classification   Samuel Ogbemudia Main Library, University of Abuja Samuel Ogbemudia Main Library, University of Abuja 03/17/2026 2025/65406-08 SB91 .I38 2026-0113 3 Books